प्रतिनिधि कहानियाँ: निर्मल वर्मा (Record no. 393985)
[ view plain ]
| 000 -LEADER | |
|---|---|
| fixed length control field | 00728 a2200205 4500 |
| 005 - DATE & TIME | |
| control field | 20260218120207.0 |
| 008 - FIXED-LENGTH DATA ELEMENTS--GENERAL INFORMATION | |
| fixed length control field | 260218b |||||||| |||| 00| 0 eng d |
| 020 ## - ISBN | |
| International Standard Book Number | 9789360866204 |
| Price | रु 175.00 |
| 040 ## - CATALOGING SOURCE | |
| Original cataloging agency | VIVEKANANDA LIBRARY |
| 082 ## - DDC NUMBER | |
| Classification number | 891.4330171 |
| Book Number | VN58P |
| 100 ## - MAIN ENTRY--PERSONAL NAME | |
| Personal name | वर्मा, निर्मल |
| 110 ## - MAIN ENTRY--CORPORATE NAME | |
| Corporate name | शाह, शम्पा, सम्पा. |
| 245 ## - TITLE STATEMENT | |
| Title | प्रतिनिधि कहानियाँ: निर्मल वर्मा |
| 250 ## - EDITION STATEMENT | |
| Edition statement | Latest edition |
| 260 ## - PUBLICATION, DISTRIBUTION, ETC. (IMPRINT) | |
| Name of publisher, distributor, etc | राजकमल प्रकाशन |
| Date of publication, distribution, etc | 2024 |
| Place of publication, distribution, etc | नई दिल्ली |
| 300 ## - PHYSICAL DESCRIPTION | |
| Pages | 175 |
| 650 ## - Subject | |
| Subject | हिन्दी साहित्य |
| 651 ## - SUBJECT ADDED ENTRY--GEOGRAPHIC NAME | |
| Geographic name | हिन्दी -कहानी |
| 942 ## - ADDED ENTRY ELEMENTS (KOHA) | |
| Koha item type | Hindi Books |
| Withdrawn status | Lost status | Source of classification or shelving scheme | Damaged status | Not for loan | Location (home branch) | Sublocation or collection (holding branch) | Date acquired | Koha issues (times borrowed) | Accession No. | Koha date last seen | Koha item type |
|---|---|---|---|---|---|---|---|---|---|---|---|
| Dewey Decimal Classification | VIVEKANANDA LIBRARY | VIVEKANANDA LIBRARY | 07/01/2026 | 443874 | 07/01/2026 | Books | |||||
| Dewey Decimal Classification | VIVEKANANDA LIBRARY | VIVEKANANDA LIBRARY | 07/01/2026 | 443875 | 07/01/2026 | Books |
